En suma para la convivencia / (Registro nro. 7209)

Detalles MARC
000 -LIDER
fixed length control field 01345nam a2200373 a 4500
001 - NÚMERO DE CONTROL
Identificador de número de control 000002619
003 - IDENTIFICACDOR DE NÚMERO DE CONTROL
control field DO-SdBNP
005 - DATE AND TIME OF LATEST TRANSACTION
control field 20171009112347.0
007 - CAMPOS FIJOS DE DESCRIPCIÓN FÍSICA
fixed length control field 000002619
008 - ELEMENTOS DE LONGITUD FIJA
fixed length control field 090703s2009 dr 000 0 spa d
020 ## - ISBN
International Standard Book Number 9789945131062
020 ## - ISBN
International Standard Book Number 9945131060
040 ## - FUENTE DE CATALOGACIÓN
Agencia que crea de manera original el registro BPMSU
Idioma de catalogación spa
Agencia que realiza la transcripción BPMSU
049 ## - LOCAL HOLDINGS (OCLC)
Holding library
082 #4 - NÚMERO DE CLASIFICACIÓN DECIMAL DE DEWEY
Classification number RD868.44
Item number Q64s
100 1# - ASIENTO PRINCIPAL -- NOMBRE PERSONAL
Nombre personal Quidiello de Bosch, Carmen,
Fechas asociadas con el nombre 1915-
245 10 - MENCIÓN DE TITULO
Título En suma para la convivencia /
Mención de responsabilidad Carmen Quidiello de Bosch ; editores León Félix Batista, Tomás Castro Burdiez.
260 ## - PUBLICACIÓN, DISTRIBUCIÓN, ETC. (PIE DE IMPRENTA)
Lugar de publicación, distribución, etc Santo Domingo :
Nombre del editor, distribuidor, etc. Fundación Juan Bosch,
Fecha de publicación, distribución, etc 2009.
300 ## - DESCRIPCIÓN FÍSICA
Extensión 489 p. ;
Dimensiones 23 cm.
490 1# - MENCIÓN DE SERIES
Mención de serie Centro de Documentación y Archivo Juan Bosch
Volume/sequential designation 2
650 #4 - ENCABEZAMIENTO DE MATERIA--TEMÁTICO
Término temático o nombre geográfico como elemento de entrada LITERATURA DOMINICANA
650 #4 - ENCABEZAMIENTO DE MATERIA--TEMÁTICO
Término temático o nombre geográfico como elemento de entrada MUJERES
Subdivisión temática general CONDICIONES SOCIALES
Subdivisión geográfica REPÚBLICA DOMINICANA
650 #4 - ENCABEZAMIENTO DE MATERIA--TEMÁTICO
Término temático o nombre geográfico como elemento de entrada LITERATURA HISPANOAMERICANA
650 #4 - ENCABEZAMIENTO DE MATERIA--TEMÁTICO
Término temático o nombre geográfico como elemento de entrada MUJERES
Subdivisión temática general CUESTIONES SOCIALES Y MORALES
-- HISTORIA
650 #4 - ENCABEZAMIENTO DE MATERIA--TEMÁTICO
Término temático o nombre geográfico como elemento de entrada ARTÍCULOS DE PRENSA
700 1# - ASIENTO SECUNDARIO -- NOMBRE PERSONAL
Nombre personal Batista, León Félix,
Mención de responsabilidad ed.
700 1# - ASIENTO SECUNDARIO -- NOMBRE PERSONAL
Nombre personal Castro Burdiez, Tomás,
Fechas asociadas con el nombre 1959-
Mención de responsabilidad ed.
710 22 - ASIENTO SECUNDARIO -- NOMBRE CORPORATIVO
Nombre corporativo o de jurisdicción Secretaría de Estado de Cultura,
Unidad subordinada Biblioteca Nacional Pedro Henríquez Ureña.
830 #0 - ASIENTO SECUNDARIO DE SERIE--TÍTULO UNIFORME
Título uniforme Centro de Documentación y Archivo Juan Bosch
Volume number/sequential designation 2
910 ## - VALIDACIÓN
Validación Jornada de catalogación
942 ## - ADDED ENTRY ELEMENTS (KOHA)
Source of classification or shelving scheme Dewey Decimal Classification
Koha item type Libros
945 ## - INFORMACIÓN DE PROCESAMIENTO LOCAL
Información de procesamiento local Inventariado / 2017 VM
956 ## - LOCAL ELECTRONIC LOCATION AND ACCESS (OCLC)
Nombre de host VMATEO
Número de acceso 10
Información de compresión 20151002
Inicio de sesión BPMSU
Procesador de solicitud 0069
Existencias
Withdrawn status Lost status Source of classification or shelving scheme Damaged status Not for loan Collection code Home library Current library Date acquired Total Checkouts Full call number Barcode Date last seen Price effective from Koha item type Copy number
    Dewey Decimal Classification     Colección Dominicana Biblioteca Pública Metropolitana Salomé Ureña Biblioteca Pública Metropolitana Salomé Ureña 01/19/2015   RD868.44 Q64s BPMSU15040697 01/19/2015 01/19/2015 Libros  
    Dewey Decimal Classification     Colección Dominicana Biblioteca Pública Metropolitana Salomé Ureña Biblioteca Pública Metropolitana Salomé Ureña 01/19/2015   RD868.44 Q64s BPMSU15040698 01/19/2015 01/19/2015 Libros e. 2
    Dewey Decimal Classification     Colección Dominicana Biblioteca Pública Metropolitana Salomé Ureña Biblioteca Pública Metropolitana Salomé Ureña 01/19/2015   RD868.44 Q64s BPMSU15040699 01/19/2015 01/19/2015 Libros e. 3